000 00690nam a2200289Ia 4500
005 20260324142442.0
008 008 260324s9999 xx 000 0 eng d
020 _a9781315483139
037 _aEBOOK
040 _aCRL
040 _beng
040 _cCRL
041 _2eng
041 _aeng
084 _qCRL
100 _aRonald Skeldon
_91211988
245 0 _aReluctant Exiles?
245 0 _bMigration from Hong Kong and the New Overseas Chinese
260 _bTaylor and Francis
260 _c1995
365 _a
365 _b255
856 _uhttp://www.taylorfrancis.com/books/9781315483139
942 _cEBOOK
999 _c1816203
_d1816203